000 01211cam a22003857a 4500
001 000106658
003 CHAP
005 20220817044522.0
008 120502s1994 it r 10010 fre d
010 _a103120
011 _a104092
020 _a9252035931
035 _a114781
040 _cCHAP
082 0 4 _a630.98
_bC6f 1994
111 2 _aConferencia Regional de la FAO para América Latina y el Caribe (
_n23 :
_d1994 :
_cSan Salvador, El Salvador)
_926587
245 1 0 _aRapport /
_c/por FAO.
260 _aRoma :
_bFAO,
_c1994.
300 _aix, 48 p.
500 _aLARC/94/REP
590 _aBATCH-UPD
_b10
_c20130110
_lUCH01
_h1010
590 _aBATCH-UPD
_b10
_c20130410
_lUCH01
_h0618
590 _aBATCH-UPD
_b10
_c20130913
_lUCH01
_h2036
590 _aCONVERSION
_b10
_c20130109
_lUCH01
_h1357
590 _aE5995AHE
_b05
_c20150605
_lUCH01
_h1355
650 1 4 _aAgricultura
_xCongresos.
_91373
650 1 4 _aAgricultura
_xEl Caribe.
_91412
650 1 4 _aAgricultura
_zAmérica Latina.
_91911
650 1 4 _aCambio estructural.
_917784
710 0 _aFAO.
901 _aBK
942 _cLIBRO
942 _n0
949 _a630.96 F6f 1994
_bBC
_cFAO
_d33724002329264
_eFAO1
_gDonaciØn
_h116556
_i114781
_sb
999 _c103120
_d103120